Normal view MARC view
  • United Kingdom

Entry Corporate Name

Number of records used in: 708

001 - CONTROL NUMBER

  • control field: 4939

003 - CONTROL NUMBER IDENTIFIER

  • control field: SIRSI

005 - DATE AND TIME OF LATEST TRANSACTION

  • control field: 20190806150239.0

008 - FIXED-LENGTH DATA ELEMENTS

  • fixed length control field: 060606n| aaannaabn |n ana d

040 ## - CATALOGING SOURCE

  • Original cataloging agency: OSt
  • Transcribing agency: OSt

110 1# - HEADING--CORPORATE NAME

  • Corporate name or jurisdiction name as entry element: United Kingdom
  • Subordinate unit: Department for Communities and Local Government

410 ## - SEE FROM TRACING--CORPORATE NAME

  • Corporate name or jurisdiction name as entry element: Department for Communities and Local Government

410 ## - SEE FROM TRACING--CORPORATE NAME

  • Corporate name or jurisdiction name as entry element: DCLG

410 ## - SEE FROM TRACING--CORPORATE NAME

  • Corporate name or jurisdiction name as entry element: United Kingdom
  • Subordinate unit: DCLG

670 ## - SOURCE DATA FOUND

  • Source citation: Housing health and safety rating system, 2006